| 000 | 01402nam a22003734a 4500 | ||
|---|---|---|---|
| 001 | ebr10188314 | ||
| 003 | CaPaEBR | ||
| 006 | m u | ||
| 007 | cr cn||||||||| | ||
| 008 | 060508s2007 mouab sb s001 0 eng d | ||
| 010 | _z 2006015382 | ||
| 020 | _z9780826216946 | ||
| 020 | _z0826216943 | ||
| 020 | _z9780826217028 | ||
| 020 | _z0826217028 | ||
| 040 |
_aCaPaEBR _cCaPaEBR |
||
| 035 | _a(OCoLC)632698033 | ||
| 050 | 1 | 4 |
_aVA10 _b.R752 2007eb |
| 082 | 0 | 4 |
_a359.009/041 _222 |
| 100 | 1 |
_aRose, Lisle Abbott, _d1936- |
|
| 245 | 1 | 0 |
_aPower at sea. _nVolume 2, _pThe breaking storm, 1919-1945 _h[electronic resource] / _cLisle A. Rose. |
| 260 |
_aColumbia : _bUniversity of Missouri Press, _cc2007. |
||
| 300 |
_axvi, 514 p. : _bill., maps. |
||
| 504 | _aIncludes bibliographical references and indexes. | ||
| 533 |
_aElectronic reproduction. _bPalo Alto, Calif. : _cebrary, _d2013. _nAvailable via World Wide Web. _nAccess may be limited to ebrary affiliated libraries. |
||
| 650 | 0 |
_aSea-power _xHistory. |
|
| 650 | 0 |
_aMarine engineering _xTechnological innovations _xSocial aspects. |
|
| 650 | 0 | _aNaval history. | |
| 650 | 0 |
_aNavies _xHistory. |
|
| 650 | 0 | _aWar and society. | |
| 655 | 7 |
_aElectronic books. _2local |
|
| 710 | 2 | _aebrary, Inc. | |
| 856 | 4 | 0 |
_uhttp://site.ebrary.com/lib/rucke/Doc?id=10188314 _zAn electronic book accessible through the World Wide Web; click to view |
| 999 |
_c235466 _d235466 |
||